Normal view
MARC view
Entry Personal Name
001 - CONTROL NUMBER
- control field: 24195
003 - CONTROL NUMBER IDENTIFIER
- control field: OSt
005 - DATE AND TIME OF LATEST TRANSACTION
- control field: 20210617145552.0
008 - FIXED-LENGTH DATA ELEMENTS
- fixed length control field: 210617|| aca||aabn | a|a d
040 ## - CATALOGING SOURCE
- Original cataloging agency: OSt
- Transcribing agency: OSt
100 ## - HEADING--PERSONAL NAME
- Personal name: Badache, Fanny
670 ## - SOURCE DATA FOUND
- Source citation: Work cat.: (OSt)515898: Badache, Fanny, A representative bureaucracy perspective on workforce composition in international organizations: The case of the United Nations Secretariat
